Principios activos de las plantas medicinales (Registro nro. 10971)

Detalles MARC
000 -CABECERA
Campo de control 004150000a22001450004500
090 ## - CLASIFICACIÓN LOCAL
Colección AR
Consecutivo 01894
041 0# - IDIOMA
Código de idioma para texto/pista de sonido o título separado
100 1# - ASIENTO PRINCIPAL--NOMBRE PERSONAL
Nombre personal Calderón Sáez, Eduardo
245 10 - MENCION DE TITULO
Título Principios activos de las plantas medicinales
650 14 - ASIENTO SECUNDARIO DE MATERIA - TERMINO TEMATICO
Término temático o nombre geográfico como elemento de entrada Etnobotánica
650 14 - ASIENTO SECUNDARIO DE MATERIA - TERMINO TEMATICO
Término temático o nombre geográfico como elemento de entrada Plantas medicinales
650 14 - ASIENTO SECUNDARIO DE MATERIA - TERMINO TEMATICO
Término temático o nombre geográfico como elemento de entrada Medicina tradicional
773 1# - Item fuente:
Título Economic Botany
Especificación de materiales 274
Paginas del Articulo 17-35
Lugar, editorial y fecha de publicación 1997?
942 ## - ELEMENTOS ADICIONALES (KOHA)
Tipo de ítem Artículo
Existencias
Withdrawn status Lost status Damaged status No para préstamo Colección Ubicación Permanente Ubicación actual Fecha de adquisición Datos de publicación Seriada Total Checkouts Número topográfico Inventario / Código de Barras Date last seen Ejemplar Price effective from Forma de adquisición Tipo de material
      No para Préstamo Hemeroteca Bogotá Bogotá 27/02/2015 Fuera de circulación   AR 01894 012262 25/03/2015 1 25/03/2015   Artículo